| 000 | 00000nam 2200000zi 4500 |
| 001 | 9.895413 |
| 003 | CaOODSP |
| 005 | 20221107174023 |
| 007 | cr |n||||||||| |
| 008 | 210118e199304 oncb ob f000 0 fre d |
| 020 | |z0662983335 |
| 040 | |aCaOODSP|bfre |
| 043 | |an-cn--- |
| 086 | |aZ1-1989/3-41-10F-PDF|zZ1-1989/3-41-10F |
| 110 | 2 |aThomas Stephens and Associates.|eauteur. |
| 245 | 10|aEnquête sur les programmes d'infertilité au Canada / |bpar Thomas Stephens and Associates : Thomas Stephens et Janice McLean, avec la collaboration de Rona Achilles, Lucie Brunet, Janis Wood Catano. |
| 264 | 1|aOttawa, Ontario : |bCommission royale sur les nouvelles techniques de reproduction, |cavril 1993. |
| 300 | |a1 ressource en ligne (1 volume (pagination multiple)) : |bcartes |
| 336 | |atexte|btxt|2rdacontent/fre |
| 337 | |ainformatique|bc|2rdamedia/fre |
| 338 | |aressource en ligne|bcr|2rdacarrier/fre |
| 500 | |aÉdition numérisée de l’imprimé [par le Bureau du Conseil privé]. |
| 500 | |aPublié aussi en anglais sous le titre: Survey of Canadian fertility programs. |
| 504 | |aComprend des références bibliographiques (page 119). |
| 505 | 0 |aPréface de la présidente -- Mandat -- Remerciements -- Définition des termes utilisés dans ce rapport -- Abrégé -- Introduction -- Méthodes -- Résultats -- Discussion -- Conclusion -- Annexes -- Notes -- Références bibliographiques. |
| 520 | |a« Les principaux objectifs de cette étude sur les programmes d'infertilité au Canada étaient les suivants : fournir des statistiques de l'année 1991 sur les patientes, les traitements et les résultats; recueillir des informations sur les pratiques en matière de tenue des dossiers; recueillir des données sur les services de counseling; analyser les documents remis aux patientes » -- Abrégé, page xi. |
| 530 | |aÉgalement publié en version imprimée. |
| 650 | 6|aInfertilité|xTraitement|zCanada. |
| 650 | 6|aProcréation médicalement assistée|zCanada. |
| 710 | 1 |aCanada.|bCommission royale sur les nouvelles techniques de reproduction, |eorganisme de publication. |
| 775 | 08|tSurvey of Canadian fertility programs / |w(CaOODSP)9.895403 |
| 776 | 0#|tEnquête sur les programmes d'infertilité au Canada / |w(CaOODSP)9.678563 |
| 856 | 40|qPDF|s71.61 Mo|uhttps://publications.gc.ca/collections/collection_2021/bcp-pco/Z1-1989-3/Z1-1989-3-41-10-fra.pdf |